Southville International School and Colleges
Your cart is empty.
  • Cart
  • Lists
    Public lists Eva Luna New books Lux_list list_1
    Your lists Log in to create your own lists
  • Log in to your account
  • Your cookies
  • Search history
Southville International School and Colleges
  • Advanced search
  • Recent comments
  • Most popular
  • Libraries

Log in to your account

Log in with GOOGLE


If you do not have an external account, but do have a local account, you can still log in:

  1. Home
  2. MARC view: In search of management :
Normal view MARC view ISBD view

In search of management : (Record no. 14660)

[ view plain ]
MARC details
000 -LEADER
fixed length control field 00518nam a22001697a 4500
003 - CONTROL NUMBER IDENTIFIER
control field PILC
005 - DATE AND TIME OF LATEST TRANSACTION
control field 20150112093438.0
008 - FIXED-LENGTH DATA ELEMENTS--GENERAL INFORMATION
fixed length control field 130226t xxu||||| |||| 00| 0 eng d
020 ## - INTERNATIONAL STANDARD BOOK NUMBER
International Standard Book Number 18161525230
050 ## - LIBRARY OF CONGRESS CALL NUMBER
Classification number HD 38
Item number .W337 2001
082 ## - DEWEY DECIMAL CLASSIFICATION NUMBER
Classification number MnSF 658.20
Item number W34 2001
100 ## - MAIN ENTRY--PERSONAL NAME
Personal name Watson, Tony J.
9 (RLIN) 17168
245 ## - TITLE STATEMENT
Title In search of management :
Remainder of title culture, chaos, and control in managerial work /
Statement of responsibility, etc Tony J. Watson
260 ## - PUBLICATION, DISTRIBUTION, ETC. (IMPRINT)
Place of publication, distribution, etc London and New York
Name of publisher, distributor, etc Routledge
Date of publication, distribution, etc 2001.
300 ## - PHYSICAL DESCRIPTION
Extent 242 pages :
Dimensions 25 cm.
942 ## - ADDED ENTRY ELEMENTS (KOHA)
Source of classification or shelving scheme Library of Congress Classification
Koha item type Books
Holdings
Withdrawn status Lost status Source of classification or shelving scheme Damaged status Home library Current library Shelving location Date acquired Total Checkouts Full call number Barcode Date last seen Copy number Price effective from Koha item type
    Library of Congress Classification   Southville International School Affiliated with Foreign Universities Library Southville International School Affiliated with Foreign Universities Library Southville Foreign University Section 09/09/2013   HD 38 .W337 2001 SFU1021 05/15/2018 1 09/09/2013 Books

In search of management :

APA

Watson T. J., . (2001). In search of management. London and New York: Routledge.

Chicago

Watson Tony J, . 2001. In search of management. London and New York: Routledge.

Harvard

Watson T. J., . (2001). In search of management. London and New York: Routledge.

MLA

Watson Tony J, . In search of management. London and New York: Routledge. 2001.

  • Place hold
  • Print
  • Cite
  • Add to your cart (remove)
  • Save record
    BIBTEX Dublin Core MARCXML MARC (non-Unicode/MARC-8) MARC (Unicode/UTF-8) MARC (Unicode/UTF-8, Standard) MODS (XML) RIS
  • More searches
    Search for this title in:
    Other Libraries (WorldCat) Other Databases (Google Scholar) Online Stores (Bookfinder.com) Open Library (openlibrary.org)

Exporting to Dublin Core...

SOUTHVILLE LIBRARY

Southville International School and Colleges Library

1281 Tropical Ave. Cor. Luxembourg St., BF Homes International, Las Pinas City

Tel. No. 8256374 / 252358 Loc. 117/146

Powered by Koha